[Event "CHN-chB"]
[Site "Hangzhou"]
[Date "2019.07.02"]
[Round "2"]
[White "Xu, Nuo"]
[Black "Jia, Haoxiang"]
[Result "0-1"]
[WhiteElo "1901"]
[BlackElo "2357"]
[PlyCount "196"]
[EventDate "2019.07.02"]
[EventType "swiss"]
[EventRounds "11"]
[EventCountry "CHN"]
[SourceTitle "CBM 191 Extra"]
[Source "ChessBase"]
[SourceDate "2019.09.30"]
[SourceVersion "1"]
[SourceVersionDate "2019.09.30"]
[SourceQuality "1"]

1. e4 c5 2. Nf3 e6 3. c3 Nf6 4. Qc2 d5 5. e5 Nfd7 6. d4 Nc6 7. Be3 Be7 8. Nbd2 Rb8 9. Bb5 a6 10. Bxc6 bxc6 11. 0-0 0-0 12. a3 a5 13. Rfb1 c4 14. b4 cxb3 15. Rxb3 Rxb3 16. Qxb3 Ba6 17. c4 Qc7 18. c5 f6 19. Bf4 f5 20. Ng5 Bxg5 21. Bxg5 Rb8 22. Qc3 Nf8 23. Nb3 a4 24. Qa5 Qf7 25. Qxa4 Bb5 26. Qb4 Nd7 27. Qc3 f4 28. f3 Ba4 29. Nd2 Nf8 30. Bh4 Ng6 31. Bf2 Qf5 32. h3 h6 33. Kh2 Rb5 34. Ra2 Ne7 35. Rb2 Rxb2 36. Qxb2 Qd3 37. g4 fxg3+ 38. Kxg3 Nf5+ 39. Kg2 Qe2 40. Qc3 Bb5 41. Kg1 g5 42. Qa5 Kf7 43. a4 Qd1+ 44. Kg2 Bxa4 45. Qc7+ Ne7 46. Nf1 Qd3 47. Nh2 h5 48. Qb8 Bd1 49. Qh8 Qg6 50. Nf1 g4 51. hxg4 hxg4 52. f4 Qe4+ 53. Kg1 Qxf4 54. Qh5+ Kg8 55. Be3 Qf7 56. Qxf7+ Kxf7 57. Kh2 Be2 58. Ng3 Bf3 59. Nf1 Kg6 60. Nd2 Kf5 61. Kg3 Bd1 62. Bg1 Nc8 63. Kf2 Na7 64. Ke1 Bc2 65. Ke2 Nb5 66. Nf1 Bb1 67. Ke3 Kg5 68. Ng3 Na3 69. Ne2 Nc4+ 70. Kf2 Bd3 71. Nc1 Bc2 72. Ne2 Kf5 73. Nc3 Nxe5 74. dxe5 Kxe5 75. Ke2 Bb3 76. Nb1 Bc4+ 77. Kd2 Kf4 78. Nc3 Kf3 79. Nd1 g3 80. Ne3 Bb5 81. Ke1 e5 82. Nf5 Kg2 83. Be3 d4 84. Bg5 Bd3 85. Nh4+ Kh3 86. Bf6 e4 87. Kd2 Bc4 88. Ke1 e3 89. Nf3 d3 90. Bd4 Kg2 91. Ne5 d2+ 92. Kd1 Bb3+ 93. Ke2 d1Q+ 94. Kxe3 Qe1+ 95. Kd3 Bd1 96. Nxc6 Qe2+ 97. Kc3 Qc2+ 98. Kb4 Qa4+ 0-1